Cómo implantar el control de producción / (Record no. 139501)

MARC details
000 -LEADER
campo de control de longitud fija 00761nam a2200253 4500
001 - NÚMERO DE CONTROL
campo de control 139501
003 - IDENTIFICADOR DE NÚMERO DE CONTROL
campo de control ES-MaACL
005 - FECHA Y HORA DE LA ÚLTIMA TRANSACCIÓN
campo de control 20230906195825.0
007 - CAMPO FIJO DE DESCRIPCIÓN FÍSICA--INFORMACIÓN GENERAL
campo de control de longitud fija t|
008 - DATOS DE LONGITUD FIJA--INFORMACIÓN GENERAL
campo de control de longitud fija 070214s1966 sp r ||||1| spa d
080 ## - NÚMERO DE LA CLASIFICACIÓN DECIMAL UNIVERSAL
Número de la Clasificación Decimal Universal 658.5
100 1# - ENTRADA PRINCIPAL--NOMBRE DE PERSONA
Nombre de persona Scheele, Evan D.
9 (RLIN) 104259
245 10 - MENCIÓN DEL TÍTULO
Título Cómo implantar el control de producción /
Mención de responsabilidad, etc. por Scheele, Westerman, Wimmert ; traducido por Fernando Urizar.
260 ## - PUBLICACIÓN, DISTRIBUCIÓN, ETC.
Lugar de publicación, distribución, etc. Bilbao :
Nombre del editor, distribuidor, etc. Deusto,
Fecha de publicación, distribución, etc. 1966.
300 ## - DESCRIPCIÓN FÍSICA
Extensión 423 p. :
Otras características físicas il. ;
Dimensiones 21 cm.
490 1# - MENCIÓN DE SERIE
Mención de serie Gestión
650 #4 - PUNTO DE ACCESO ADICIONAL DE MATERIA--TÉRMINO DE MATERIA
Término de materia o nombre geográfico como elemento de entrada Producción-
Subdivisión general Control.
9 (RLIN) 168965
700 1# - ENTRADA AGREGADA--NOMBRE PERSONAL
Nombre de persona Westerman, W. L.
9 (RLIN) 116563
700 1# - ENTRADA AGREGADA--NOMBRE PERSONAL
Nombre de persona Wimmert, R. J.
9 (RLIN) 117054
700 1# - ENTRADA AGREGADA--NOMBRE PERSONAL
Nombre de persona Urizar, Fernando.
9 (RLIN) 112183
830 1# - PUNTO DE ACCESO ADICIONAL DE SERIE-TÍTULO UNIFORME
Título uniforme Gestión
9 (RLIN) 184639
852 4# - LOCALIZACIÓN
Ubicación ES-MaACL
Número de control de estantería C-32746
Holdings
Estatus retirado Estado de pérdida Estado de daño No para préstamo Biblioteca de origen Biblioteca actual Ubicación en estantería Fecha de adquisición Fuente de adquisición Total de préstamos Signatura topográfica completa Código de barras Visto por última vez Precio de reemplazo Tipo de ítem Koha
        Biblioteca del Ateneo de Madrid Biblioteca del Ateneo de Madrid Depósito 2 17/01/2008     C-32746 1145174 23/02/2023 23/02/2023 Libro impreso